A test természetes rázkódtatásai. {Eseu despre Hamlet}. [Essay on Hamlet Alexander Barnát: Shakespeare Hamletje]
Elmentve itt :
| Szerző: | |
|---|---|
| Adatforrás: | Meister |
| Forrásdokumentuma: | Korunk. - 2001. 6, 65-67. |
| Nyelv: | magyar |
| Kulcsszavak: | irodalomkritika critica literara literary criticism BERNÁT Alexander SHAKESPEARE William Hamlet |
| LEADER | 00575nab a2200181 i 4500 | ||
|---|---|---|---|
| 001 | bibPRO00010717 | ||
| 008 | 080908s2001 xx hun | ||
| 040 | |a Sz1 | ||
| 041 | |a hun | ||
| 100 | 1 | |a BALÁZS Imre József | |
| 245 | 1 | 2 | |a A test természetes rázkódtatásai. {Eseu despre Hamlet}. [Essay on Hamlet Alexander Barnát: Shakespeare Hamletje] |c BALÁZS Imre József |
| 695 | |a irodalomkritika | ||
| 695 | |a critica literara | ||
| 695 | |a literary criticism | ||
| 695 | |a BERNÁT Alexander | ||
| 695 | |a SHAKESPEARE William | ||
| 695 | |a Hamlet | ||
| 773 | 0 | |t Korunk. - |g 2001. 6, 65-67. | |